Podaj nazwę pasującego państwa azjatyckiego - Statystyki

Ogólne statystyki
  • Ten quiz został rozwiązany 36 790 razy
  • Średni wynik to 13 z 20
Statystyki odpowiedzi
Nazwij kraj azjatycki... Pasujące kraje % Poprawnych
z ponad 1 miliardem ludzi Chiny | Indie
100%
który graniczy z Iranem Afganistan | Armenia | Azerbejdżan | Irak | Pakistan | Turcja | Turkmenistan
91%
którego nazwa ma więcej niż jeden wyraz Arabia Saudyjska | Korea Południowa | Korea Północna | Sri Lanka | Timor Wschodni | Zjednoczone Emiraty Arabskie
88%
który był częścią Związku Radzieckiego Armenia | Azerbejdżan | Gruzja | Kazachstan | Kirgistan | Tadżykistan | Turkmenistan | Uzbekistan
87%
który graniczy z Chinami i Rosją Kazachstan | Mongolia | Korea Północna
83%
gdzie angielski jest językiem urzędowym Brunei | Indie | Pakistan | Filipiny | Singapur
75%
z mniej niż 1 milionem ludzi Bhutan | Brunei | Malediwy
71%
który ma spory terytorialne z Chinami Bhutan | Brunei | Indie | Indonezja | Japonia | Malezja | Filipiny | Tajwan | Wietnam
65%
z dwuwyrazową stolicą narodową Indie | Kambodża | Malezja | Mongolia | Zjednoczone Emiraty Arabskie
63%
z oczekiwaną długością życia krótszą niż 68 lat Afganistan | Laos | Mjanma | Pakistan | Syria | Turkmenistan | Jemen
61%
o powierzchni mniejszej niż 50 000 km2 Armenia | Bahrajn | Bhutan | Brunei | Cypr | Timor Wschodni | Izrael | Kuwejt | Liban | Malediwy | Katar | Singapur | Tajwan
61%
przez który przepływa rzeka Mekong Chiny | Mjanma | Laos | Tajlandia | Kambodża | Wietnam
61%
który jest członkiem NATO Turcja
60%
z dochodem na mieszkańca co najmniej $100000 (2019, PPP) Katar | Singapur
56%
z lądem na równiku Indonezja
54%
którego nazwa zawiera literę G (nie licząc Gruzji) Afganistan | Bangladesz | Kirgistan | Mongolia | Singapur
51%
który leży nad Morzem Kaspijskim Azerbejdżan | Iran | Kazachstan | Turkmenistan
50%
z mniej niż 15 cm opadów rocznie Bahrajn | Kuwejt | Oman | Katar | Arabia Saudyjska | Zjednoczone Emiraty Arabskie
50%
rządzony przez absolutnego monarchę Brunei | Oman | Katar | Arabia Saudyjska
50%
którego stolica zaczyna się na K. Afganistan | Nepal | Malezja | Kuwejt
44%
Nie znaleziono quizów pasujących do podanych kryteriów
Rozkład punktacji
Procent ludzi z każdym wynikiem
Percentyl według liczby udzielonych odpowiedzi
Twoja historia wyników
Nie rozwiązałeś tego quizu